Central Library OPAC University of Rajshahi

The Hindu succession act (Act 30 of 1956) / (Record no. 46667)

MARC details
000 -LEADER
fixed length control field 00838cam a2200253 4500
001 - CONTROL NUMBER
control field 46667
003 - CONTROL NUMBER IDENTIFIER
rucl marc code BD-RjUL
005 - DATE AND TIME OF LATEST TRANSACTION
control field 20211209054204.0
008 - FIXED-LENGTH DATA ELEMENTS--GENERAL INFORMATION
fixed length control field 160803s1963 ii 001 0 eng
035 ## - SYSTEM CONTROL NUMBER
System control number (BD-RjUL)46786
040 ## - CATALOGING SOURCE
Original cataloging agency DLC
Transcribing agency DLC
Modifying agency BD-RjUL
Language of cataloging eng
041 ## - LANGUAGE CODE
Language code of text/sound track or separate title eng
082 00 - DEWEY DECIMAL CLASSIFICATION NUMBER
Classification number 294.594
Edition number 20
Author mark and year SEH 1963
110 1# - MAIN ENTRY--CORPORATE NAME
Corporate name or jurisdiction name as entry element India (Republic).
Form subheading Laws, statutes, etc.
9 (RLIN) 142288
245 14 - TITLE STATEMENT
Title The Hindu succession act (Act 30 of 1956) /
Statement of responsibility, etc. by R. B. Sethi. Rev. and enl. by E. S. Subrahmanyan.
250 ## - EDITION STATEMENT
Edition statement 3rd edi.
260 ## - PUBLICATION, DISTRIBUTION, ETC. (IMPRINT)
Place of publication, distribution, etc. Allahabad :
Name of publisher, distributor, etc. Law Book Co.,
Date of publication, distribution, etc. 1963
300 ## - PHYSICAL DESCRIPTION
Pagination xxvi, 312 p. :
Illustrations ill. ;
Size 25 cm.
650 #0 - SUBJECT ADDED ENTRY--TOPICAL TERM
Topical term or geographic name as entry element Inheritance and succession (Hindu law)
9 (RLIN) 79450
700 1# - ADDED ENTRY--PERSONAL NAME
Personal name Sethi, Raghbirlal Bhagatram,
Relator term ed.
Personal name Subrahmanyam, E. S.,
Relator term ed.
942 ## - ADDED ENTRY ELEMENTS (KOHA)
Source of classification or shelving scheme Dewey Decimal Classification
Koha item type Books
Holdings
Lost status Source of classification or shelving scheme Damaged status Not for loan Collection code Permanent Location Current Location Shelving location Date acquired Source of acquisition Cost, normal purchase price Total Checkouts Full call number Date last seen Copy number Koha item type
  Dewey Decimal Classification     Non-fiction Central Library, University of Rajshahi Central Library, University of Rajshahi   01/06/1964 pak law house 12.80   294.594 SEH 1963 03/08/2016 C-2 Books